[Event "DVM U20 2022"]
[Site "Münster GER"]
[Date "2022.12.28"]
[Round "4"]
[White "Mätzkow, Maximilian Paul"]
[Black "Stelmaszyk, Nico"]
[Result "0-1"]
[Termination "normal"]
[Board "3.1"]
[WhiteTitle "FM"]
[BlackTitle "FM"]
[WhiteElo "2281"]
[BlackElo "2368"]
[WhiteClock "00:03:44"]
[BlackClock "00:47:04"]
[WhiteTeam "SC Kreuzberg e.V."]
[BlackTeam "SK Lehrte von 1919 e. V."]
[PlyCount "72"]
[WhiteFideId "24679933"]
[BlackFideId "16200462"]
[EventCountry "GER"]
[EventRounds "7"]
[EventType "team-swiss"]
[EventDate "2022.12.26"]

1. e4 {[%clk 01:30:59]} c5 {[%clk 01:30:49]} {[%emt 00:00:11]} 2. Nf3 {[%clk
01:31:25]} {[%emt 00:00:04]} e6 {[%clk 01:31:15]} {[%emt 00:00:03]} 3. Nc3
{[%clk 01:30:27]} {[%emt 00:01:29]} Nc6 {[%clk 01:31:39]} {[%emt 00:00:05]} 4.
Bb5 {[%clk 01:29:48]} {[%emt 00:01:09]} Nd4 {[%clk 01:32:03]} {[%emt 00:00:07]}
5. O-O {[%clk 01:28:58]} {[%emt 00:01:21]} a6 {[%clk 01:32:00]} {[%emt
00:00:32]} 6. Be2 {[%clk 01:28:52]} {[%emt 00:00:36]} b5 {[%clk 01:29:13]}
{[%emt 00:03:17]} 7. d3 {[%clk 01:28:03]} {[%emt 00:01:20]} Ne7 {[%clk
01:28:48]} {[%emt 00:00:54]} 8. a4 {[%clk 01:27:59]} {[%emt 00:00:35]} b4
{[%clk 01:28:16]} {[%emt 00:01:02]} 9. Nb1 {[%clk 01:21:13]} {[%emt 00:07:15]}
Nec6 {[%clk 01:24:38]} {[%emt 00:04:07]} 10. Nxd4 {[%clk 01:17:13]} {[%emt
00:04:31]} Nxd4 {[%clk 01:24:53]} {[%emt 00:00:15]} 11. c3 {[%clk 01:14:52]}
{[%emt 00:02:51]} Nxe2 {[%clk 01:23:49]} {[%emt 00:01:34]} 12. Qxe2 {[%clk
01:15:17]} {[%emt 00:00:05]} d5 {[%clk 01:19:25]} {[%emt 00:04:53]} 13. c4
{[%clk 01:05:23]} {[%emt 00:10:25]} Be7 {[%clk 01:16:52]} {[%emt 00:03:02]} 14.
exd5 {[%clk 01:00:28]} {[%emt 00:05:26]} exd5 {[%clk 01:13:30]} {[%emt
00:03:51]} 15. Re1 {[%clk 00:51:31]} {[%emt 00:09:27]} Be6 {[%clk 01:11:37]}
{[%emt 00:02:23]} 16. b3 {[%clk 00:43:36]} {[%emt 00:08:26]} Bf6 {[%clk
01:09:48]} {[%emt 00:02:19]} 17. Bb2 {[%clk 00:42:54]} {[%emt 00:01:12]} O-O
{[%clk 01:09:16]} {[%emt 00:01:01]} 18. Bxf6 {[%clk 00:43:08]} {[%emt
00:00:17]} Qxf6 {[%clk 01:09:40]} {[%emt 00:00:05]} 19. Nd2 {[%clk 00:43:33]}
{[%emt 00:00:06]} Rfd8 {[%clk 01:06:59]} {[%emt 00:03:10]} 20. Nf1 {[%clk
00:42:13]} {[%emt 00:01:51]} Qc3 {[%clk 01:05:00]} {[%emt 00:02:28]} 21. Ne3
{[%clk 00:08:05]} {[%emt 00:34:39]} Qxb3 {[%clk 01:02:53]} {[%emt 00:02:36]}
22. cxd5 {[%clk 00:04:39]} {[%emt 00:03:56]} Bxd5 {[%clk 01:02:41]} {[%emt
00:00:42]} 23. Rac1 {[%clk 00:04:56]} {[%emt 00:00:13]} Be6 {[%clk 01:01:19]}
{[%emt 00:01:51]} 24. Rxc5 {[%clk 00:04:57]} {[%emt 00:00:30]} Qxa4 {[%clk
01:01:20]} {[%emt 00:00:28]} 25. f4 {[%clk 00:05:09]} {[%emt 00:00:19]} b3
{[%clk 00:58:57]} {[%emt 00:02:53]} 26. f5 {[%clk 00:05:14]} {[%emt 00:00:25]}
Qd4 {[%clk 00:59:04]} {[%emt 00:00:22]} 27. Ra5 {[%clk 00:05:01]} {[%emt
00:00:43]} Rd5 {[%clk 00:55:57]} {[%emt 00:03:37]} 28. fxe6 {[%clk 00:01:45]}
{[%emt 00:03:46]} Rxa5 {[%clk 00:56:17]} {[%emt 00:00:09]} 29. Qf3 {[%clk
00:02:15]} {[%emt 00:00:01]} Rf8 {[%clk 00:51:59]} {[%emt 00:04:48]} 30. e7
{[%clk 00:02:26]} {[%emt 00:00:19]} Re8 {[%clk 00:51:17]} {[%emt 00:01:11]} 31.
Qc6 {[%clk 00:02:32]} {[%emt 00:00:24]} Qa4 {[%clk 00:51:38]} {[%emt 00:00:08]}
32. Qxa4 {[%clk 00:02:55]} {[%emt 00:00:08]} Rxa4 {[%clk 00:52:02]} {[%emt
00:00:06]} 33. Nc4 {[%clk 00:03:20]} {[%emt 00:00:05]} b2 {[%clk 00:46:48]}
{[%emt 00:05:44]} 34. Nxb2 {[%clk 00:03:29]} {[%emt 00:00:21]} Rd4 {[%clk
00:46:50]} {[%emt 00:00:26]} 35. Ra1 {[%clk 00:03:20]} {[%emt 00:00:40]} Rd6
{[%clk 00:46:59]} {[%emt 00:00:21]} 36. Nc4 {[%clk 00:03:44]} {[%emt 00:00:07]}
Re6 {[%clk 00:47:04]} {[%emt 00:00:24]} 0-1

[Event "DVM U20 2022"]
[Site "Münster GER"]
[Date "2022.12.28"]
[Round "4"]
[White "Meiwes, Thore"]
[Black "Dathe, Frederick"]
[Result "1/2-1/2"]
[Termination "normal"]
[Board "3.2"]
[WhiteElo "2081"]
[BlackElo "2089"]
[WhiteClock "00:11:32"]
[BlackClock "00:10:06"]
[WhiteTeam "SK Lehrte von 1919 e. V."]
[BlackTeam "SC Kreuzberg e.V."]
[PlyCount "71"]
[WhiteFideId "16201256"]
[BlackFideId "12963070"]
[EventCountry "GER"]
[EventRounds "7"]
[EventType "team-swiss"]
[EventDate "2022.12.26"]

1. d4 {[%clk 01:30:59]} Nf6 {[%clk 01:30:41]} {[%emt 00:00:15]} 2. Nf3 {[%clk
01:31:26]} {[%emt 00:00:07]} g6 {[%clk 01:30:38]} {[%emt 00:00:33]} 3. c4
{[%clk 01:31:54]} {[%emt 00:00:02]} Bg7 {[%clk 01:29:42]} {[%emt 00:01:26]} 4.
Nc3 {[%clk 01:32:19]} {[%emt 00:00:06]} O-O {[%clk 01:29:34]} {[%emt 00:00:38]}
5. e4 {[%clk 01:32:44]} {[%emt 00:00:04]} d6 {[%clk 01:29:22]} {[%emt
00:00:42]} 6. Be2 {[%clk 01:33:13]} {[%emt 00:00:02]} c5 {[%clk 01:28:57]}
{[%emt 00:00:55]} 7. d5 {[%clk 01:33:00]} {[%emt 00:00:42]} e6 {[%clk
01:23:49]} {[%emt 00:05:38]} 8. O-O {[%clk 01:33:21]} {[%emt 00:00:09]} exd5
{[%clk 01:24:05]} {[%emt 00:00:14]} 9. exd5 {[%clk 01:32:32]} {[%emt 00:01:19]}
Na6 {[%clk 01:21:24]} {[%emt 00:03:11]} 10. h3 {[%clk 01:32:34]} {[%emt
00:00:27]} Nc7 {[%clk 01:19:20]} {[%emt 00:02:34]} 11. Bf4 {[%clk 01:32:10]}
{[%emt 00:00:54]} a6 {[%clk 01:15:34]} {[%emt 00:04:16]} 12. a4 {[%clk
01:32:35]} {[%emt 00:00:05]} b6 {[%clk 01:15:18]} {[%emt 00:00:47]} 13. Re1
{[%clk 01:27:39]} {[%emt 00:05:24]} Re8 {[%clk 01:09:09]} {[%emt 00:06:39]} 14.
Bf1 {[%clk 01:24:56]} {[%emt 00:03:13]} Rxe1 {[%clk 01:08:45]} {[%emt
00:00:55]} 15. Qxe1 {[%clk 01:24:47]} {[%emt 00:00:39]} Rb8 {[%clk 01:04:36]}
{[%emt 00:04:39]} 16. Qd2 {[%clk 01:19:06]} {[%emt 00:06:10]} Bb7 {[%clk
00:57:40]} {[%emt 00:07:27]} 17. Rd1 {[%clk 01:10:35]} {[%emt 00:09:01]} Qd7
{[%clk 00:55:05]} {[%emt 00:03:05]} 18. Bh2 {[%clk 01:04:35]} {[%emt 00:06:29]}
Re8 {[%clk 00:51:30]} {[%emt 00:04:04]} 19. Qc2 {[%clk 00:51:12]} {[%emt
00:13:54]} Rb8 {[%clk 00:47:49]} {[%emt 00:04:11]} 20. Qb3 {[%emt 00:09:07]}
Ba8 {[%clk 00:45:44]} {[%emt 00:02:34]} 21. Qa3 {[%clk 00:42:36]} {[%emt
00:00:31]} a5 {[%clk 00:31:00]} {[%emt 00:15:14]} 22. Bd3 {[%clk 00:39:40]}
{[%emt 00:03:26]} Bb7 {[%clk 00:29:52]} {[%emt 00:01:39]} 23. Nb5 {[%clk
00:39:33]} {[%emt 00:00:36]} Nxb5 {[%clk 00:28:28]} {[%emt 00:01:54]} 24. axb5
{[%clk 00:40:01]} {[%emt 00:00:02]} Re8 {[%clk 00:27:30]} {[%emt 00:01:28]} 25.
Qb3 {[%clk 00:40:13]} {[%emt 00:00:18]} Bc8 {[%clk 00:24:15]} {[%emt 00:03:45]}
26. Qc2 {[%clk 00:40:31]} {[%emt 00:00:12]} Kf8 {[%clk 00:23:25]} {[%emt
00:01:20]} 27. Nd2 {[%clk 00:37:57]} {[%emt 00:03:04]} Qe7 {[%clk 00:17:20]}
{[%emt 00:06:36]} 28. Nf3 {[%clk 00:31:36]} {[%emt 00:06:49]} Qd7 {[%clk
00:17:10]} {[%emt 00:00:40]} 29. Kf1 {[%clk 00:30:02]} {[%emt 00:02:04]} Ke7
{[%clk 00:15:22]} {[%emt 00:02:19]} 30. Qd2 {[%clk 00:26:25]} {[%emt 00:04:07]}
Kd8 {[%clk 00:14:02]} {[%emt 00:01:51]} 31. Bf4 {[%clk 00:16:02]} {[%emt
00:10:52]} Kc7 {[%clk 00:13:54]} {[%emt 00:00:38]} 32. Bh6 {[%clk 00:14:50]}
{[%emt 00:01:41]} Bh8 {[%clk 00:13:20]} {[%emt 00:01:04]} 33. Re1 {[%clk
00:14:10]} {[%emt 00:01:10]} Ng8 {[%clk 00:11:03]} {[%emt 00:02:47]} 34. Rxe8
{[%clk 00:13:31]} {[%emt 00:01:09]} Qxe8 {[%clk 00:11:27]} {[%emt 00:00:06]}
35. Bf4 {[%clk 00:13:19]} {[%emt 00:00:41]} Qe7 {[%clk 00:10:06]} {[%emt
00:01:52]} 36. Bg5 {[%clk 00:11:32]} {[%emt 00:02:17]} 1/2-1/2

[Event "DVM U20 2022"]
[Site "Münster GER"]
[Date "2022.12.28"]
[Round "4"]
[White "Hommel, Niclas"]
[Black "Reimer, Philip"]
[Result "1-0"]
[Termination "normal"]
[Board "3.3"]
[WhiteElo "2002"]
[BlackElo "2144"]
[WhiteClock "00:17:55"]
[BlackClock "00:26:15"]
[WhiteTeam "SC Kreuzberg e.V."]
[BlackTeam "SK Lehrte von 1919 e. V."]
[PlyCount "105"]
[WhiteFideId "12974927"]
[BlackFideId "16235860"]
[EventCountry "GER"]
[EventRounds "7"]
[EventType "team-swiss"]
[EventDate "2022.12.26"]

1. e4 {[%clk 01:30:58]} c5 {[%clk 01:30:48]} {[%emt 00:00:13]} 2. Nf3 {[%clk
01:31:23]} {[%emt 00:00:05]} Nc6 {[%clk 01:29:24]} {[%emt 00:01:54]} 3. d4
{[%clk 01:31:48]} {[%emt 00:00:05]} cxd4 {[%clk 01:29:52]} {[%emt 00:00:02]} 4.
Nxd4 {[%clk 01:32:10]} {[%emt 00:00:08]} Nf6 {[%clk 01:30:19]} {[%emt
00:00:03]} 5. Nc3 {[%clk 01:32:33]} {[%emt 00:00:08]} e5 {[%clk 01:30:46]}
{[%emt 00:00:03]} 6. Ndb5 {[%clk 01:32:57]} {[%emt 00:00:06]} d6 {[%clk
01:31:13]} {[%emt 00:00:03]} 7. Bg5 {[%clk 01:33:20]} {[%emt 00:00:07]} a6
{[%clk 01:31:39]} {[%emt 00:00:03]} 8. Na3 {[%clk 01:33:45]} {[%emt 00:00:05]}
b5 {[%clk 01:32:05]} {[%emt 00:00:03]} 9. Nd5 {[%clk 01:34:11]} {[%emt
00:00:05]} Be7 {[%clk 01:32:29]} {[%emt 00:00:06]} 10. Bxf6 {[%clk 01:34:35]}
{[%emt 00:00:06]} Bxf6 {[%clk 01:32:56]} {[%emt 00:00:03]} 11. c4 {[%clk
01:34:58]} {[%emt 00:00:07]} b4 {[%clk 01:33:23]} {[%emt 00:00:03]} 12. Nc2
{[%clk 01:35:20]} {[%emt 00:00:08]} a5 {[%clk 01:33:49]} {[%emt 00:00:03]} 13.
g3 {[%clk 01:29:33]} {[%emt 00:06:18]} g6 {[%clk 01:34:02]} {[%emt 00:00:17]}
14. Bg2 {[%clk 01:27:25]} {[%emt 00:02:38]} Bg7 {[%clk 01:34:25]} {[%emt
00:00:06]} 15. O-O {[%clk 01:25:35]} {[%emt 00:02:21]} O-O {[%clk 01:34:50]}
{[%emt 00:00:05]} 16. Qd3 {[%clk 01:23:08]} {[%emt 00:02:56]} h5 {[%clk
01:35:15]} {[%emt 00:00:06]} 17. h4 {[%clk 01:17:33]} {[%emt 00:06:05]} Be6
{[%clk 01:35:30]} {[%emt 00:00:15]} 18. Rfd1 {[%clk 01:09:45]} {[%emt
00:08:18]} Qb8 {[%clk 01:35:26]} {[%emt 00:00:34]} 19. b3 {[%clk 01:07:01]}
{[%emt 00:03:15]} Qa7 {[%clk 01:35:33]} {[%emt 00:00:22]} 20. Nde3 {[%emt
00:19:45]} Rfd8 {[%clk 01:31:03]} {[%emt 00:04:58]} 21. Kh2 {[%clk 00:44:36]}
{[%emt 00:03:42]} Qc5 {[%clk 01:26:54]} {[%emt 00:04:39]} 22. Bh3 {[%clk
00:33:02]} {[%emt 00:12:04]} Ra7 {[%clk 01:15:43]} {[%emt 00:11:40]} 23. Qf1
{[%clk 00:20:25]} {[%emt 00:13:08]} Kh7 {[%clk 00:51:02]} {[%emt 00:25:11]} 24.
Rd3 {[%clk 00:12:52]} {[%emt 00:08:03]} a4 {[%clk 00:46:35]} {[%emt 00:04:57]}
25. Rad1 {[%clk 00:04:50]} {[%emt 00:08:32]} axb3 {[%clk 00:34:55]} {[%emt
00:12:10]} 26. axb3 {[%clk 00:05:19]} {[%emt 00:00:01]} Bh6 {[%clk 00:28:34]}
{[%emt 00:06:50]} 27. Ra1 {[%clk 00:03:13]} {[%emt 00:02:36]} Rda8 {[%clk
00:24:45]} {[%emt 00:04:19]} 28. Rxa7 {[%clk 00:02:29]} {[%emt 00:01:14]} Rxa7
{[%clk 00:25:08]} {[%emt 00:00:07]} 29. Bxe6 {[%clk 00:02:14]} {[%emt
00:00:45]} fxe6 {[%clk 00:25:25]} {[%emt 00:00:13]} 30. Qd1 {[%clk 00:02:39]}
{[%emt 00:00:05]} Bxe3 {[%clk 00:10:59]} {[%emt 00:14:56]} 31. fxe3 {[%clk
00:02:48]} {[%emt 00:00:21]} Rd7 {[%clk 00:06:21]} {[%emt 00:05:08]} 32. Qd2
{[%clk 00:02:40]} {[%emt 00:00:40]} Kg7 {[%clk 00:05:51]} {[%emt 00:00:59]} 33.
Kg2 {[%clk 00:02:22]} {[%emt 00:00:47]} Kf7 {[%clk 00:04:41]} {[%emt 00:01:39]}
34. Ne1 {[%clk 00:02:36]} {[%emt 00:00:17]} Nd8 {[%clk 00:01:42]} {[%emt
00:03:29]} 35. Nf3 {[%clk 00:02:15]} {[%emt 00:00:51]} Ke7 {[%clk 00:02:00]}
{[%emt 00:00:12]} 36. Ng5 {[%clk 00:02:05]} {[%emt 00:00:41]} Nf7 {[%clk
00:02:21]} {[%emt 00:00:09]} 37. Qf2 {[%clk 00:01:31]} {[%emt 00:01:04]} Nxg5
{[%clk 00:02:33]} {[%emt 00:00:18]} 38. hxg5 {[%clk 00:01:56]} {[%emt
00:00:05]} Qa5 {[%clk 00:00:36]} {[%emt 00:02:26]} 39. Qf6 {[%clk 00:01:43]}
{[%emt 00:00:43]} Ke8 {[%clk 00:01:05]} 40. Qh8 {[%clk 00:00:35]} {[%emt
00:01:39]} Ke7 {[%clk 00:01:11]} {[%emt 00:00:24]} 41. Rd2 {[%clk 00:15:25]}
{[%emt 00:15:40]} Rc7 {[%clk 00:26:46]} {[%emt 00:04:55]} 42. Qg7 {[%clk
00:15:47]} {[%emt 00:00:11]} Ke8 {[%clk 00:26:26]} {[%emt 00:00:49]} 43. Qxg6
{[%clk 00:16:11]} {[%emt 00:00:06]} Kd7 {[%clk 00:26:35]} {[%emt 00:00:20]} 44.
Qf7 {[%clk 00:16:36]} {[%emt 00:00:05]} Kc6 {[%clk 00:26:24]} {[%emt 00:00:41]}
45. Qxe6 {[%clk 00:17:00]} {[%emt 00:00:06]} Rd7 {[%clk 00:25:39]} {[%emt
00:01:15]} 46. Qd5 {[%clk 00:17:21]} {[%emt 00:00:10]} Qxd5 {[%emt 00:00:13]}
47. exd5 {[%clk 00:17:31]} {[%emt 00:00:12]} Kc7 {[%clk 00:25:23]} {[%emt
00:01:10]} 48. Kh3 {[%clk 00:17:56]} {[%emt 00:00:06]} Rf7 {[%clk 00:25:14]}
{[%emt 00:00:39]} 49. Kh4 {[%clk 00:18:11]} {[%emt 00:00:15]} Rf1 {[%clk
00:25:25]} {[%emt 00:00:18]} 50. g6 {[%clk 00:17:39]} {[%emt 00:01:03]} Kd7
{[%clk 00:25:28]} {[%emt 00:00:27]} 51. g7 {[%clk 00:17:39]} {[%emt 00:00:30]}
Ke7 {[%clk 00:25:53]} {[%emt 00:00:04]} 52. g8=Q {[%clk 00:17:43]} {[%emt
00:00:27]} Kf6 {[%clk 00:26:15]} {[%emt 00:00:07]} 53. Qf8 {[%clk 00:17:55]}
{[%emt 00:00:19]} 1-0

[Event "DVM U20 2022"]
[Site "Münster GER"]
[Date "2022.12.28"]
[Round "4"]
[White "Dornieden, Jonas"]
[Black "Fock, Amina"]
[Result "1/2-1/2"]
[Termination "normal"]
[Board "3.4"]
[WhiteElo "2073"]
[BlackElo "1827"]
[WhiteClock "00:03:02"]
[BlackClock "00:07:19"]
[WhiteTeam "SK Lehrte von 1919 e. V."]
[BlackTeam "SC Kreuzberg e.V."]
[PlyCount "157"]
[WhiteFideId "1336460"]
[BlackFideId "12981982"]
[EventCountry "GER"]
[EventRounds "7"]
[EventType "team-swiss"]
[EventDate "2022.12.26"]

1. e4 {[%clk 01:30:57]} {[%emt 00:00:02]} c5 {[%clk 01:30:55]} {[%emt
00:00:06]} 2. c3 {[%clk 01:31:19]} {[%emt 00:00:08]} d5 {[%clk 01:31:10]}
{[%emt 00:00:15]} 3. exd5 {[%clk 01:31:42]} {[%emt 00:00:07]} Qxd5 {[%clk
01:31:33]} {[%emt 00:00:06]} 4. d4 {[%clk 01:32:06]} {[%emt 00:00:07]} Nf6
{[%clk 01:31:41]} {[%emt 00:00:22]} 5. Nf3 {[%clk 01:32:27]} {[%emt 00:00:08]}
Bg4 {[%clk 01:31:40]} {[%emt 00:00:32]} 6. Nbd2 {[%clk 01:31:44]} {[%emt
00:01:13]} e6 {[%clk 01:26:57]} {[%emt 00:05:12]} 7. Bc4 {[%clk 01:17:13]}
{[%emt 00:15:01]} Qd8 {[%clk 01:22:47]} {[%emt 00:04:41]} 8. h3 {[%clk
01:10:54]} {[%emt 00:06:48]} Bh5 {[%clk 01:20:23]} {[%emt 00:02:53]} 9. Qb3
{[%clk 01:10:10]} {[%emt 00:01:14]} Qc7 {[%clk 01:16:32]} {[%emt 00:04:21]} 10.
Ne5 {[%clk 00:57:20]} {[%emt 00:13:20]} cxd4 {[%clk 01:13:12]} {[%emt
00:03:50]} 11. cxd4 {[%clk 00:56:12]} {[%emt 00:01:38]} Bd6 {[%clk 01:11:31]}
{[%emt 00:02:11]} 12. Bb5 {[%clk 00:52:52]} {[%emt 00:03:50]} Nfd7 {[%clk
01:04:53]} {[%emt 00:07:08]} 13. Ndc4 {[%clk 00:45:33]} {[%emt 00:07:49]} O-O
{[%clk 01:01:44]} {[%emt 00:03:39]} 14. Nxd7 {[%clk 00:41:47]} {[%emt
00:04:16]} Nxd7 {[%clk 01:02:01]} {[%emt 00:00:13]} 15. Be3 {[%clk 00:37:56]}
{[%emt 00:04:22]} Nf6 {[%clk 00:58:49]} {[%emt 00:03:43]} 16. Nxd6 {[%clk
00:34:51]} {[%emt 00:03:35]} Qxd6 {[%clk 00:59:13]} {[%emt 00:00:06]} 17. O-O
{[%clk 00:34:43]} {[%emt 00:00:37]} Nd5 {[%clk 00:55:49]} {[%emt 00:03:54]} 18.
Bd2 {[%clk 00:28:28]} {[%emt 00:06:45]} Rfc8 {[%clk 00:49:07]} {[%emt
00:07:13]} 19. Rac1 {[%clk 00:24:54]} {[%emt 00:04:03]} Nf4 {[%clk 00:46:23]}
{[%emt 00:03:14]} 20. Qb4 {[%clk 00:07:48]} {[%emt 00:17:36]} Qxb4 {[%clk
00:41:56]} {[%emt 00:04:58]} 21. Bxb4 {[%clk 00:08:16]} {[%emt 00:00:02]} Be2
{[%clk 00:41:54]} {[%emt 00:00:31]} 22. Rxc8 {[%clk 00:07:10]} {[%emt
00:01:36]} Rxc8 {[%clk 00:42:18]} {[%emt 00:00:05]} 23. Bxe2 {[%clk 00:07:08]}
{[%emt 00:00:32]} Nxe2 {[%clk 00:42:42]} {[%emt 00:00:06]} 24. Kh2 {[%clk
00:07:22]} {[%emt 00:00:15]} Nxd4 {[%clk 00:41:39]} {[%emt 00:01:33]} 25. Rd1
{[%clk 00:06:47]} {[%emt 00:01:05]} Rd8 {[%clk 00:36:24]} {[%emt 00:05:45]} 26.
Rc1 {[%clk 00:05:47]} {[%emt 00:01:30]} Nc6 {[%clk 00:36:26]} {[%emt 00:00:27]}
27. Bc3 {[%clk 00:05:03]} {[%emt 00:01:14]} f6 {[%clk 00:35:10]} {[%emt
00:01:46]} 28. b4 {[%clk 00:02:00]} {[%emt 00:03:34]} Rd5 {[%clk 00:34:24]}
{[%emt 00:01:17]} 29. Be1 {[%clk 00:00:46]} {[%emt 00:01:43]} Kf7 {[%clk
00:28:08]} {[%emt 00:06:46]} 30. a4 {[%clk 00:01:07]} {[%emt 00:00:10]} a6
{[%clk 00:28:31]} {[%emt 00:00:07]} 31. g4 {[%clk 00:00:41]} {[%emt 00:00:56]}
Kg6 {[%clk 00:28:12]} {[%emt 00:00:49]} 32. Kg2 {[%clk 00:01:02]} {[%emt
00:00:09]} h5 {[%clk 00:27:26]} {[%emt 00:01:16]} 33. f3 {[%clk 00:00:35]}
{[%emt 00:00:58]} hxg4 {[%clk 00:26:36]} {[%emt 00:01:20]} 34. hxg4 {[%clk
00:00:57]} {[%emt 00:00:07]} Ne5 {[%clk 00:25:46]} {[%emt 00:01:20]} 35. Bc3
{[%clk 00:00:34]} {[%emt 00:00:53]} Nd3 {[%clk 00:25:37]} {[%emt 00:00:39]} 36.
Rc2 {[%clk 00:00:31]} {[%emt 00:00:34]} Nf4 {[%clk 00:25:32]} {[%emt 00:00:35]}
37. Kf2 {[%clk 00:00:55]} {[%emt 00:00:06]} Rd3 {[%clk 00:23:39]} {[%emt
00:02:28]} 38. Bd2 {[%clk 00:01:18]} {[%emt 00:00:02]} Nd5 {[%clk 00:23:42]}
{[%emt 00:00:27]} 39. Rb2 {[%clk 00:00:54]} {[%emt 00:00:54]} Rd4 {[%clk
00:21:14]} {[%emt 00:02:57]} 40. Ke2 {[%clk 00:00:35]} {[%emt 00:00:50]} Nf4
{[%clk 00:14:19]} {[%emt 00:07:25]} 41. Ke3 {[%clk 00:18:18]} {[%emt 00:12:47]}
e5 {[%clk 00:44:19]} {[%emt 00:00:30]} 42. Rb3 {[%clk 00:17:29]} {[%emt
00:01:19]} Kf7 {[%clk 00:43:13]} {[%emt 00:01:36]} 43. a5 {[%clk 00:14:18]}
{[%emt 00:03:41]} Nd5 {[%clk 00:37:46]} {[%emt 00:05:57]} 44. Ke2 {[%clk
00:14:38]} {[%emt 00:00:09]} Nc7 {[%clk 00:37:20]} {[%emt 00:00:56]} 45. Rc3
{[%clk 00:06:50]} {[%emt 00:08:19]} Nb5 {[%clk 00:35:23]} {[%emt 00:02:27]} 46.
Rc8 {[%clk 00:06:20]} {[%emt 00:01:00]} Rd7 {[%clk 00:34:30]} {[%emt 00:01:23]}
47. Be3 {[%clk 00:04:07]} {[%emt 00:02:44]} Kg6 {[%clk 00:32:27]} {[%emt
00:02:33]} 48. Bc5 {[%clk 00:03:15]} {[%emt 00:01:21]} Nd4 {[%clk 00:31:43]}
{[%emt 00:01:15]} 49. Ke3 {[%clk 00:03:25]} {[%emt 00:00:20]} Ne6 {[%clk
00:31:37]} {[%emt 00:00:36]} 50. Bb6 {[%clk 00:03:39]} {[%emt 00:00:16]} Kg5
{[%clk 00:29:48]} {[%emt 00:02:18]} 51. Ke4 {[%clk 00:01:26]} {[%emt 00:02:49]}
Nd4 {[%clk 00:27:48]} {[%emt 00:02:25]} 52. Rc4 {[%clk 00:01:10]} {[%emt
00:00:45]} Nc6 {[%clk 00:22:47]} {[%emt 00:05:32]} 53. Be3 {[%clk 00:01:31]}
{[%emt 00:00:10]} Kg6 {[%clk 00:21:55]} {[%emt 00:01:22]} 54. Bc5 {[%clk
00:01:36]} {[%emt 00:00:25]} Kf7 {[%clk 00:21:18]} {[%emt 00:01:06]} 55. Ke3
{[%clk 00:00:44]} {[%emt 00:01:22]} g6 {[%clk 00:19:21]} {[%emt 00:02:27]} 56.
Rc1 {[%clk 00:00:47]} {[%emt 00:00:27]} Ke6 {[%clk 00:19:10]} {[%emt 00:00:42]}
57. f4 {[%clk 00:00:33]} {[%emt 00:00:44]} exf4 {[%clk 00:17:48]} {[%emt
00:01:52]} 58. Kxf4 {[%clk 00:01:01]} {[%emt 00:00:02]} Rd3 {[%clk 00:16:05]}
{[%emt 00:02:12]} 59. g5 {[%clk 00:00:37]} {[%emt 00:00:54]} f5 {[%clk
00:15:33]} {[%emt 00:01:03]} 60. Re1 {[%clk 00:00:52]} {[%emt 00:00:15]} Kf7
{[%clk 00:15:50]} {[%emt 00:00:13]} 61. Rh1 {[%clk 00:00:50]} {[%emt 00:00:32]}
Kg7 {[%clk 00:14:17]} {[%emt 00:02:03]} 62. Re1 {[%clk 00:01:01]} {[%emt
00:00:18]} Rh3 {[%clk 00:13:57]} {[%emt 00:00:51]} 63. Re6 {[%clk 00:00:38]}
{[%emt 00:00:53]} Rh4 {[%clk 00:14:00]} {[%emt 00:00:27]} 64. Kf3 {[%clk
00:01:06]} {[%emt 00:00:02]} Rg4 {[%clk 00:14:16]} {[%emt 00:00:14]} 65. Rd6
{[%clk 00:00:53]} {[%emt 00:00:43]} Rxg5 {[%clk 00:06:10]} {[%emt 00:08:36]}
66. Rd7 {[%clk 00:01:14]} {[%emt 00:00:09]} Kf6 {[%clk 00:06:29]} {[%emt
00:00:11]} 67. Rxb7 {[%clk 00:01:22]} {[%emt 00:00:21]} Ne5 {[%clk 00:06:53]}
{[%emt 00:00:07]} 68. Ke2 {[%clk 00:01:19]} {[%emt 00:00:33]} Rg2 {[%clk
00:05:32]} {[%emt 00:01:51]} 69. Kf1 {[%clk 00:00:52]} {[%emt 00:00:57]} Rc2
{[%clk 00:05:12]} {[%emt 00:00:50]} 70. Bd4 {[%clk 00:00:41]} {[%emt 00:00:42]}
Ke6 {[%clk 00:05:13]} {[%emt 00:00:29]} 71. Rb6 {[%clk 00:00:50]} {[%emt
00:00:22]} Kd5 {[%clk 00:05:37]} {[%emt 00:00:05]} 72. Bxe5 {[%clk 00:00:54]}
{[%emt 00:00:26]} Kxe5 {[%clk 00:06:04]} {[%emt 00:00:03]} 73. Rxg6 {[%clk
00:01:16]} {[%emt 00:00:08]} Rb2 {[%clk 00:06:15]} {[%emt 00:00:19]} 74. Rxa6
{[%clk 00:01:37]} {[%emt 00:00:09]} Rxb4 {[%clk 00:06:39]} {[%emt 00:00:06]}
75. Kf2 {[%clk 00:01:49]} {[%emt 00:00:17]} Rb3 {[%clk 00:06:34]} {[%emt
00:00:35]} 76. Rb6 {[%clk 00:02:07]} {[%emt 00:00:12]} Rxb6 {[%clk 00:06:28]}
{[%emt 00:00:37]} 77. axb6 {[%clk 00:02:36]} {[%emt 00:00:02]} Kd6 {[%clk
00:06:51]} {[%emt 00:00:06]} 78. Kf3 {[%clk 00:03:02]} {[%emt 00:00:04]} Kc6
{[%clk 00:07:19]} {[%emt 00:00:02]} 79. Ke4 {[%emt 00:00:05]} 1/2-1/2